000 00431nam a2200145 4500
001 148361
003 ES-MaACL
007 t|
008 070214s1920 py r ||||1| spa d
100 1 _aStefanich, Juan.
_9107995
245 1 0 _aAlberdi, la Argentina y el Paraguay
_b: al margen de una misión /
_cJuan Stefanich.
260 _aAsunción (Paraguay) :
_bH. Hans,
_c1920.
300 _a199 p. ;
_c19 cm.
852 _aES-MaACL
_jB-4224
999 _c148361
_d148361